书目信息 |
| 题名: |
变革与重塑
|
|
| 作者: | 冷霞 主编 | |
| 分册: | ||
| 出版信息: | 上海 上海三联书店 2018 |
|
| 页数: | 422页 | |
| 开本: | 24cm | |
| 丛书名: | ||
| 单 册: | ||
| 中图分类: | D956.19 , D956.19 | |
| 科图分类: | ||
| 主题词: | 法制史--fa zhi shi--研究--英国--17世纪-19世纪 | |
| 电子资源: | ||
| ISBN: | 978-7-5426-6272-9 | |
| 000 | 01449nam0 2200301 450 | |
| 001 | 012001006703 | |
| 005 | 20131017135430.0 | |
| 010 | @a978-7-5426-6272-9@dCNY68.00 | |
| 099 | @aCAL 012018131293 | |
| 100 | @a20180901d2018 em y0chiy50 ea | |
| 101 | 0 | @achi |
| 102 | @aCN@b310000 | |
| 105 | @ak a 001yy | |
| 106 | @ar | |
| 200 | 1 | @a变革与重塑@Abian ge yu chong su@e英国法的现代转型@d= Change and reshaping@ethe modern transformation of British law@f冷霞主编@zeng |
| 210 | @a上海@c上海三联书店@d2018 | |
| 215 | @a422页@d24cm | |
| 300 | @a华东政法大学法律史国家重点学科项目 华东政法大学外国法与比较法研究院项目 | |
| 320 | @a有书目和索引 | |
| 330 | @a本书对中国的英国法律史研究进行了总体性梳理, 并以专题论文的形式从司法重塑、立法变革、法学转型和帝国余辉四个角度集中探讨“英国法的现代转型”这一英国法律史上的重要论题, 展现了英国自17世纪光荣革命至19世纪司法改革的现代化转型过程。所关注的重点涉及英国光荣革命后至18世纪期间英国普通法以及立法的重新塑造、英国19世纪以立法方式实现的司法改革和同期出现的法学转型以及现代转型中的英国法对域外法律的影响及与后者的互动。 | |
| 510 | 1 | @aChange and reshaping@ethe modern transformation of British law@zeng |
| 517 | 1 | @a英国法的现代转型@Aying guo fa de xian dai zhuan xing |
| 606 | 0 | @a法制史@Afa zhi shi@x研究@y英国@z17世纪-19世纪 |
| 690 | @aD956.19@v4 | |
| 690 | @aD956.19@v5 | |
| 701 | 0 | @a冷霞@Aleng xia@4主编 |
| 801 | 0 | @aCN@b上海新华@c20191020 |
| 905 | @b1175195-8@dD956.19@e156@f4 | |
| 变革与重塑:英国法的现代转型= Change and reshaping:the modern transformation of British law/冷霞主编.-上海:上海三联书店,2018 |
| 422页;24cm |
| 华东政法大学法律史国家重点学科项目 华东政法大学外国法与比较法研究院项目 |
| ISBN 978-7-5426-6272-9:CNY68.00 |
| 本书对中国的英国法律史研究进行了总体性梳理, 并以专题论文的形式从司法重塑、立法变革、法学转型和帝国余辉四个角度集中探讨“英国法的现代转型”这一英国法律史上的重要论题, 展现了英国自17世纪光荣革命至19世纪司法改革的现代化转型过程。所关注的重点涉及英国光荣革命后至18世纪期间英国普通法以及立法的重新塑造、英国19世纪以立法方式实现的司法改革和同期出现的法学转型以及现代转型中的英国法对域外法律的影响及与后者的互动。 |
| ● |
| 相关链接 |
|
|
|
|
正题名:变革与重塑
索取号:D956.19/156
 
预约/预借
| 序号 | 登录号 | 条形码 | 馆藏地/架位号 | 状态 | 备注 |
| 1 | 1175195 | 211751950 | 第一样本阅览室/ [索取号:D956.19/156] | 在馆 | |
| 2 | 1175196 | 211751969 | 第一借阅区/ [索取号:D956.19/156] | 在馆 | |
| 3 | 1175197 | 211751978 | 第一借阅区/ [索取号:D956.19/156] | 在馆 | |
| 4 | 1175198 | 211751987 | 第一借阅区/ [索取号:D956.19/156] | 在馆 |